Leverage : (Record no. 20138)
[ view plain ]
| 000 -LEADER | |
|---|---|
| fixed length control field | 00382nam a22001337a 4500 |
| 008 - FIXED-LENGTH DATA ELEMENTS--GENERAL INFORMATION | |
| fixed length control field | 230522b |||||||| |||| 00| 0 eng d |
| 020 ## - INTERNATIONAL STANDARD BOOK NUMBER | |
| International Standard Book Number | 978-9966140289 |
| 050 ## - LIBRARY OF CONGRESS CALL NUMBER | |
| Classification number | HD30.28 |
| Item number | .M38 2019 |
| 100 ## - MAIN ENTRY--PERSONAL NAME | |
| Personal name | Mbugua, Mungai |
| 245 ## - TITLE STATEMENT | |
| Title | Leverage : |
| Remainder of title | Is what you need/ by |
| Statement of responsibility, etc. | Mungai Mbugua |
| 260 ## - PUBLICATION, DISTRIBUTION, ETC. (IMPRINT) | |
| Place of publication, distribution, etc. | Nairobi, Kenya |
| Name of publisher, distributor, etc. | Queenex publishers Ltd |
| Date of publication, distribution, etc. | 2019 |
| 300 ## - PHYSICAL DESCRIPTION | |
| Extent | ix, 99p. |
| 942 ## - ADDED ENTRY ELEMENTS (KOHA) | |
| Source of classification or shelving scheme | Library of Congress Classification |
| Koha item type | General Collection |
| Withdrawn status | Lost status | Source of classification or shelving scheme | Not for loan | Home library | Current library | Date acquired | Inventory number | Total Checkouts | Total Renewals | Full call number | Barcode | Date last seen | Date last checked out | Copy number | Price effective from | Koha item type |
|---|---|---|---|---|---|---|---|---|---|---|---|---|---|---|---|---|
| Library of Congress Classification | Kabarak, Main Campus | Kabarak, Main Campus | 22/05/2023 | 1022/201 | 3 | 1 | HD30.28 .M38 2019 C.1 | 030951 | 05/02/2026 | 20/01/2026 | C.1 | 22/05/2023 | General Collection | |||
| Library of Congress Classification | Kabarak, Main Campus | Kabarak, Main Campus | 22/05/2023 | 1021/201 | HD30.28 .M38 2019 C.2 | 030952 | 02/08/2024 | C.2 | 22/05/2023 | General Collection | ||||||
| Library of Congress Classification | Kabarak, Main Campus | Kabarak, Main Campus | 22/05/2023 | 1023/201 | 2 | 1 | HD30.28 .M38 2019 C.3 | 030953 | 29/03/2025 | 20/02/2025 | C.3 | 22/05/2023 | General Collection | |||
| Library of Congress Classification | Kabarak, Nakuru City Campus | Kabarak, Nakuru City Campus | 22/05/2023 | 1024/201 | KNCC HD30.28 .M38 2019 C.1 | 030954 | 22/05/2023 | C.1 | 22/05/2023 | General Collection | ||||||
| Library of Congress Classification | Kabarak, Nakuru City Campus | Kabarak, Nakuru City Campus | 22/05/2023 | 1025/201 | KNCCHD30.28 .M38 2019 C.2 | 030955 | 22/05/2023 | C.2 | 22/05/2023 | General Collection |